[Event "Antioquia Region-ch U1800"]
[Site "Medellin"]
[Date "2009.09.??"]
[Round "6.18"]
[White "Restrepo, Francisco"]
[Black "Lopez Medina, Alvaro"]
[Result "1-0"]
[WhiteElo "1600"]
[BlackElo "1600"]
[PlyCount "55"]
[EventDate "2009.09.08"]
[EventType "tourn"]
[EventRounds "7"]
[EventCountry "COL"]
[SourceTitle "EXT 2024"]
[Source "ChessBase"]
[SourceDate "2023.10.10"]
[SourceVersion "1"]
[SourceVersionDate "2023.10.10"]
[SourceQuality "1"]

1. e4 e5 2. Nf3 Nc6 3. d4 exd4 4. Bc4 d6 5. Nxd4 Nf6 6. Nc3 Be7 7. Nxc6 bxc6 8. 0-0 Be6 9. Bd3 0-0 10. f4 Re8 11. f5 Bc8 12. g4 Nd7 13. Bf4 Bg5 14. Qd2 Bxf4 15. Qxf4 Ne5 16. g5 d5 17. f6 d4 18. Ne2 c5 19. fxg7 Bg4 20. Bc4 Bh5 21. Ng3 Bg6 22. Be2 d3 23. cxd3 Nxd3 24. Bxd3 Qd4+ 25. Qf2 Qxd3 26. Rad1 Qc4 27. Rd5 Rxe4 28. Nxe4 1-0